[Event "Olympiad Women 2024"]
[Site "Budapest HUN"]
[Date "2024.09.15"]
[Round "5.33"]
[Board "3"]
[White "Munoz Cortez, Anahi Alexandra"]
[Black "Jacimovic, Sara"]
[Result "1/2-1/2"]
[WhiteElo "1868"]
[BlackElo "1981"]
[PlyCount "94"]
[EventDate "2024.09.11"]
[WhiteTeam "Nicaragua"]
[BlackTeam "Bosnia & Herzegovina"]
[WhiteTeamCountry "NCA"]
[BlackTeamCountry "BIH"]

1. e4 {Mikhalchishin,Adrian} e5 2. Nf3 Nc6 3. Bc4 Nf6 4. d3 h6 5. Nbd2 d6 6. c3 g5 7. h3 ({RR} 7. Nf1 g4 8. N3d2 ({RR} 8. Ng1 Na5 9. Bb5+ Bd7 10. Bxd7+ Qxd7 11. Ng3 d5 12. N1e2 O-O-O 13. Qc2 dxe4 14. dxe4 Nc4 15. b3 Nd6 16. f3 h5 17. Bg5 Qe6 18. O-O-O Be7 19. h4 gxh3 20. Rxh3 Rdg8) 8... Bg7 9. Ne3 h5 10. a4 Qe7 11. a5 a6 12. Ndf1 h4 13. Qb3 Rb8 14. Nd5 Nxd5 15. exd5 Nd8 16. Bxa6 O-O 17. Bc4 Ra8 18. h3 gxh3 19. gxh3 f5 20. Qd1 e4 21. Kd2 ({RR} 21. Qe2) 21... Nf7) 7... Bg7 ({RR} 7... Nh5 8. g3 Nf6 9. Nf1 Bg7 10. Ne3 Ne7 11. Bb3 c6 12. h4 g4 13. Nh2 h5 14. f3 d5 15. fxg4 hxg4 16. O-O Be6 17. Nhxg4 Nh5 18. Qf3 Qd6 19. c4 dxe4 20. dxe4 O-O-O 21. Rd1 Qc5 22. Rxd8+) 8. Nf1 ({RR} 8. Bb3 O-O 9. Nf1 Ne7 10. h4 ({RR} 10. Ne3 Be6 11. h4 g4 12. Nh2 h5 13. f3 d5 14. fxg4 hxg4 15. Nhxg4 Nxg4 16. Nxg4 f5 17. Nh6+ Kh7 18. Qh5 Qe8 19. Qxe8 Raxe8 20. Nxf5 Nxf5 21. exf5 Rxf5 22. Rf1 c6 23. Be3) 10... g4 11. N3h2 d5 12. f3 ({RR} 12. Ng3 dxe4 13. Nxe4) 12... Ng6 ({RR} 12... gxf3 13. Qxf3 Ng6 14. g3 c5 15. exd5 e4 16. dxe4 Ne5 17. Qe2 c4) 13. fxg4 ({RR} 13. Nxg4 Nxg4 14. fxg4 dxe4 15. dxe4) 13... Nxh4 14. g3 Ng6 15. Qe2 ({RR} 15. exd5 e4 16. d4 Ne7 17. g5 hxg5 18. Bxg5) 15... a5 16. Bc2 d4 17. g5 ({RR} 17. cxd4 exd4 18. g5 hxg5 19. Bxg5 a4) 17... hxg5 18. Bxg5 a4 19. c4 Qd6 20. Nd2 Ra6 ({RR} 20... a3 21. bxa3 Qxa3) 21. Rb1 ({RR} 21. a3) 21... Nh7 22. Qh5 Nxg5 {0-1 Anand,V (2767)-Nepomniachtchi,I (2775) Croatia GCT Zagreb 2019 (1)}) 8... Ne7 ({RR} 8... O-O 9. Ng3 Ne7 10. Bb3 c6 11. h4 g4 12. Nh2 d5 13. h5 Be6 14. O-O Qd7 15. f4 gxf3 16. Qxf3 Kh7 17. Nf5 dxe4 18. dxe4 Nxf5 19. exf5 Bxb3 20. axb3 Qd5) ({RR} 8... d5 9. exd5 Nxd5 10. Ng3 Be6 11. Qe2 O-O 12. Ne4 Qe7 13. g4 Nf4 14. Bxf4 exf4 15. O-O-O Bxc4 16. dxc4 Rae8 17. Rhe1 f5 18. gxf5 Rxf5 19. Qc2 Qf7 20. Nd4 Rfe5 21. Nxc6 bxc6 22. Qd3 Qe6 23. f3 {0-1 Asish Panda (1884)-Kheerthi,G (1987) Titled Tue 25th Jun Early 2024 (5)}) 9. g4 d5 $146 ({RR} 9... c6 10. Bb3 Ng6 11. Ng3 Nf4 12. Nf5 Bxf5 13. gxf5 Qe7 14. Bxf4 exf4 15. Qe2 O-O-O 16. O-O-O Rhe8 17. h4 g4 18. Ng5 d5 19. f3 hxg5 20. hxg5 gxf3 21. Qf2 Ng4 22. Qxa7 Qxg5 23. exd5 cxd5 24. Rhe1 {0-1 Mogirzan,M (1813)-Grieve,H (2320) Titled Tuesday intern op 12th Oct blitz 2021 (3)}) 10. exd5 Nfxd5 11. Ng3 Rf8 12. Qe2 Qd6 13. Qe4 f5 14. gxf5 Bxf5 15. Nxf5 Rxf5 16. h4 gxh4 17. Nxh4 Rf7 18. Be3 O-O-O 19. O-O-O Kb8 20. Rdg1 Bf8 21. Ng6 Rf6 22. Nxe5 Nxe3 23. fxe3 Rc8 24. Rg2 a6 25. d4 c5 26. Rd1 Rf5 27. Nf7 Qf6 28. Be6 cxd4 29. Bxf5 Nxf5 30. Qe5+ Qxe5 31. Nxe5 Nxe3 32. Rg8 dxc3 33. Rdg1 cxb2+ 34. Kxb2 Ka7 35. Kb3 Rc5 36. Rxf8 Rxe5 37. Rg7 Rb5+ 38. Kc3 Nd5+ 39. Kd4 Nb4 40. a4 Nc6+ 41. Kc3 Rb1 42. Rf6 Rh1 43. Kb2 Rh2+ 44. Ka3 Rh3+ 45. Kb2 Rh2+ 46. Ka3 Rh3+ 47. Kb2 Rh2+ 1/2-1/2

[Event "Olympiad Women 2024"]
[Site "Budapest HUN"]
[Date "2024.09.15"]
[Round "5.33"]
[Board "4"]
[White "Mahmutbegovic Smajilbasic, Nadina"]
[Black "Alvarez Gutierrez, Patricia"]
[Result "1/2-1/2"]
[WhiteElo "1973"]
[BlackElo "1826"]
[PlyCount "54"]
[EventDate "2024.09.11"]
[WhiteTeam "Bosnia & Herzegovina"]
[BlackTeam "Nicaragua"]
[WhiteTeamCountry "BIH"]
[BlackTeamCountry "NCA"]

1. e4 c6 2. Nc3 d5 3. Nf3 e6 4. d4 Nf6 5. Bd3 Bb4 ({RR} 5... Be7 6. O-O b6 7. Qe2 Bb7 8. Bf4 O-O 9. Rad1 Nbd7 10. a3 h6 11. Rfe1 Re8 12. h3 Nf8 13. Ne5 N6d7 14. Qg4 Nxe5 15. Bxe5 Ng6 16. Bh2 Nf8 17. exd5 exd5 18. Be5 Bf6 19. Qf4 Bxe5 20. Rxe5 {1-0 Popov,I (2650)-Jobava,B (2673) EU-ch rapid Minsk 2015 (9)}) ({RR} 5... dxe4 6. Nxe4 Nxe4 7. Bxe4 Bd6 8. Qe2 Nd7 9. Bd2 Nf6 10. Bd3 Nd5 11. g3 Qc7 12. c4 Nf6 13. O-O b6 14. c5 bxc5 15. dxc5 Bxc5 16. Rac1 Nd7 17. Be4 Bb7 18. Rfd1 Be7 19. Bf4 Qc8 20. Rxd7 {1-0 Hector,J (2449)-Fransson,P (2086) Elite Hotels Vaxjo Open 2024 (8.7)}) 6. exd5 exd5 7. O-O $146 ({RR} 7. Qe2+ Qe7 8. Qxe7+ Bxe7 9. Bf4 Be6 10. Ng5 Bg4 11. h3 Bh5 12. g4 Bg6 13. Bxg6 hxg6 14. O-O-O O-O 15. Rhe1 Re8 16. Re3 Nbd7 17. Rde1 Bb4 18. a3 Bxc3 19. bxc3 Rxe3 20. Rxe3 Re8 21. Kd2 Nb6 {0-1 Pazarcioglu,I (1520)-Basaran,C (1838) TUR-chT Clubs 2019 (7.25)}) 7... O-O 8. Ne5 Nbd7 9. Bg5 Bd6 10. Ng4 h5 11. Nxf6+ Nxf6 12. h3 Bc7 13. Ne2 Qd6 14. Bf4 Qe7 15. Re1 Re8 16. Qd2 Qd8 17. Bxc7 Qxc7 18. Qg5 Qb6 19. Nf4 Bd7 20. Nxh5 Nxh5 21. Qxh5 g6 22. Bxg6 fxg6 23. Qxg6+ Kh8 24. Qh6+ Kg8 25. Qg6+ Kh8 26. Qh6+ Kg8 27. Qg6+ Kh8 1/2-1/2

[Event "Olympiad Women 2024"]
[Site "Budapest HUN"]
[Date "2024.09.15"]
[Round "5.34"]
[Board "1"]
[White "Stojkovska, Monika"]
[Black "Serina Arafat"]
[Result "1-0"]
[WhiteElo "2043"]
[BlackElo "1552"]
[PlyCount "75"]
[EventDate "2024.09.11"]
[WhiteTeam "North Macedonia"]
[BlackTeam "Jordan"]
[BlackTeamCountry "JOR"]

1. d4 d5 2. c4 e6 3. Nc3 Nf6 4. cxd5 exd5 5. Bg5 Be7 6. e3 b6 7. Bd3 Bb7 8. Qc2 ({RR} 8. Nge2 h6 9. Bh4 a6 10. O-O Nbd7 11. Rc1 O-O 12. a3 Rc8 13. Bf5 g6 14. Bb1 Ne4 15. Bxe7 Qxe7 16. b4 Kg7 17. Nxe4 dxe4 18. Qb3 Nf6 19. Nc3 Rfd8 20. h3 c5 21. dxc5 bxc5 22. bxc5 Rxc5 {1-0 Sakaev,K (2595)-Musalov,R (2348) RUS-ch blitz 2019 (2)}) ({RR} 8. Nge2 c5 9. O-O O-O 10. f3 Nbd7 11. Bh4 Re8 12. Bf2 a6 13. Qd2 Nf8 14. g4 h6 15. Ng3 Bd6 16. Nf5 Bb8 17. Rad1 Ng6 18. h4 cxd4 19. Nxd4 Qc7 20. Be1 Rxe3 21. Bxg6 fxg6 22. Rf2 Re8 {0-1 Cardenas Huachaca,A (1286)-Alvarado Mendoza,J (1669) I ch-Sudamericano 2023 (2.35)}) 8... Nbd7 9. Nge2 a6 $146 ({RR} 9... O-O 10. f3 c5 11. Bh4 g6 12. Qd2 Re8 13. O-O Nh5 14. Bxe7 Qxe7 15. Bb5 Nhf6 16. Nf4 Rad8 17. dxc5 Qxc5 18. Rfe1 Re7 19. Rac1 Ne5 20. Qd4 a6 21. Ne4 Nxf3+ 22. gxf3 Qxd4 23. exd4 dxe4 24. Bc6 {½-½ Munkhgal,G (2318)-Battulga,N (2420) MGL-ch Ulaanbaatar 2011 (5)}) ({RR} 9... c5 10. O-O O-O 11. Rad1 a6 12. Bf5 h6 13. Bh4 cxd4 14. Rxd4 b5 15. Bxd7 Qxd7 16. Rfd1 g5 17. Bg3 Qe6 18. R4d2 Ne4 19. Nxe4 dxe4 20. Qc7 Bc8 21. Nd4 Qd7 22. Qb6 Kh7 23. Nc6 Qe6 24. Qc7 {1-0 Ragnarsson,D (2232)-Stefansson,V (2163) Uppsala Young Champions op 2016 (4)}) ({RR} 9... O-O 10. O-O Rc8 11. Nb5 a6 12. Na7 Ra8 13. Nc6 Bxc6 14. Qxc6 Ra7 15. Bxf6 Nxf6 16. Rac1 Qd6 17. a3 Rd8 18. Nf4 Kf8 19. Be2 Qxc6 20. Rxc6 Rd6 21. Rfc1 Rxc6 22. Rxc6 Ke8 23. Nd3 Bd6 24. g4 {½-½ Kirchner,G (1944)-Hinz,H (1914) Mittelrhein Verbandsliga-W 15/16 2015 (3.5)}) 10. Ng3 h6 11. Bf4 O-O 12. Nf5 Rc8 13. Qe2 c5 14. Bd6 Bxd6 15. Nxd6 Rc7 16. Nxb7 Rxb7 17. Bxa6 Ra7 18. O-O cxd4 19. exd4 Re8 20. Qd3 Nb8 21. Bb5 Ree7 22. Rfe1 Qd6 23. Qf5 Qd8 24. Re5 Ra5 25. Rae1 Rxe5 26. Rxe5 Qc7 27. h3 Kh8 28. Bd3 Qd8 29. b4 Ra3 30. Nb5 Rxa2 31. g4 Nc6 32. Re1 Nxb4 33. Bb1 Rb2 34. Nd6 Qf8 35. g5 hxg5 36. Ne8 Nc6 37. Nxf6 Rxb1 38. Qh7# 1-0

[Event "Olympiad Women 2024"]
[Site "Budapest HUN"]
[Date "2024.09.15"]
[Round "5.34"]
[Board "3"]
[White "Trajkovska, Sanja"]
[Black "Boshra, Alshaeby"]
[Result "0-1"]
[WhiteElo "1921"]
[BlackElo "1939"]
[PlyCount "104"]
[EventDate "2024.09.11"]
[WhiteTeam "North Macedonia"]
[BlackTeam "Jordan"]
[BlackTeamCountry "JOR"]

1. e4 c6 2. d4 d5 3. e5 Bf5 4. h4 h5 5. Bd3 Bxd3 6. Qxd3 Qa5+ 7. Nd2 e6 8. Ngf3 Nh6 9. O-O Nf5 10. g3 ({RR} 10. Nb3 Qa6 11. Qd1 Nd7 12. Bg5 Rc8 13. Re1 c5 14. c3 Qa4 15. Qd2 b6 16. g3 Nb8 17. dxc5 bxc5 18. Nc1 Nc6 19. Nd3 c4 20. Nf4 Be7 21. Kg2 a5 22. Bxe7 Ncxe7 23. Ng5 Qc6 24. Kh2 a4 {0-1 Giri,A (2774)-Duda,J (2756) Speed Chess Chess.com INT blitz 2021 (1.17)}) 10... Qa6 11. c4 c5 12. Qc3 $146 ({RR} 12. Qc2 Nc6 13. dxc5 dxc4 14. Qxc4 Qxc4 15. Nxc4 Bxc5 16. Kg2 O-O 17. Bg5 b5 18. Ncd2 Rfc8 19. Ne4 Ncd4 20. Rfd1 Nxf3 21. Kxf3 Bd4 22. Nd6 Bxb2 23. Rab1 Rc2 24. Nxf5 exf5 25. Rd2 Rxd2 26. Bxd2 Bxe5 {1-0 Haug,H (2341)-Stark,J (1947) Fagernes GM Open 2024 (1.42)}) 12... Nc6 13. cxd5 Ncxd4 14. Nxd4 Nxd4 15. Kg2 exd5 16. Nf3 Ne6 17. Bg5 Be7 18. Bxe7 Kxe7 19. Ng5 d4 20. Qd2 Qc6+ 21. Kh2 Rac8 22. Rae1 Nxg5 23. Qxg5+ Kf8 24. Qf5 Rh6 25. e6 Rxe6 26. Qxh5 Kg8 27. Rxe6 Qxe6 28. b3 b6 29. Qf3 Re8 30. a4 Qe2 31. Kg2 Qxf3+ 32. Kxf3 Re6 33. Rd1 Kf8 34. Rd3 Ke7 35. g4 Kd6 36. g5 Kd5 37. h5 c4 38. bxc4+ Kxc4 39. Rd1 d3 40. Kf4 Kc3 41. Rc1+ Kb2 42. Rh1 d2 43. Rd1 Kc2 44. Ra1 d1=Q 45. Rxd1 Kxd1 46. Kf5 a6 47. f4 b5 48. axb5 axb5 49. g6 Rf6+ 50. Kg5 fxg6 51. h6 Rf5+ 52. Kxg6 Rxf4 0-1

[Event "Olympiad Women 2024"]
[Site "Budapest HUN"]
[Date "2024.09.15"]
[Round "5.35"]
[Board "2"]
[White "Amoko, Ivy Claire"]
[Black "Mirza, Diana"]
[Result "0-1"]
[WhiteElo "1820"]
[BlackElo "1962"]
[PlyCount "74"]
[EventDate "2024.09.11"]
[WhiteTeam "Uganda"]
[BlackTeam "Ireland"]
[WhiteTeamCountry "UGA"]
[BlackTeamCountry "IRL"]

1. e4 {Primel,Dominique} c5 2. Nf3 Nc6 3. d4 cxd4 4. Nxd4 e6 5. Nc3 a6 6. Be3 Qc7 7. Qf3 ({RR} 7. Qd2 Nf6 8. f4 Bb4 9. Bd3 Na5 10. a3 Bxc3 11. Qxc3 Qxc3+ 12. bxc3 d5 13. exd5 exd5 14. Nb3 Nc4 15. Bd4 Ne4 16. Nc5 Nxc5 17. Bxc5 Bd7 18. O-O-O O-O-O 19. Bxc4 dxc4 20. Bb6 Rde8 21. Rd4 Re6) 7... Nf6 ({RR} 7... b5 8. O-O-O) ({RR} 7... d6) ({RR} 7... Bd6 8. O-O-O Be5 9. g3 Nge7 10. Qe2 b5 11. Qd2 Nxd4 12. Bxd4 Bxd4 ({RR} 12... b4) 13. Qxd4 O-O 14. Qd6) 8. O-O-O Bb4 ({RR} 8... Be7) ({RR} 8... d6) 9. Nxc6 ({RR} 9. Bf4 d6 10. Nxc6 Qxc6 11. Bd2 O-O) 9... Qxc6 ({RR} 9... bxc6) ({RR} 9... dxc6) ({RR} 9... Bxc3 10. Nd4 Bb4 11. Bf4 e5 12. Bh6) 10. Bd4 Bxc3 11. Bxc3 Qxe4 12. Qg3 ({RR} 12. Qxe4 Nxe4 13. Bxg7 Rg8 ({RR} 13... Nxf2 14. Bxh8 Nxh1 15. Bd4) 14. Bd4 f5 15. f3) 12... Qg6 ({RR} 12... Nh5 13. Qd6 Rg8 14. Kb1 Qf4 15. Qc5 Nf6 16. Bb4 Nd5 17. Rxd5 exd5 18. Qe7# {1-0 Agrest,I (2284)-Aishwarya N (1482) Swiss Queens Wed #9 2024 (6.157)}) 13. Qh4 ({RR} 13. Qe5 O-O 14. Bd3 Qg4 15. f3 Qh5 16. Qg3 Ne8 17. f4) ({RR} 13. f3 Qxg3 14. hxg3 Ke7 15. g4) 13... Ne4 $146 ({RR} 13... h5 14. Bd3 Qg4 15. Bxf6 gxf6 16. Qxf6 Rg8 17. g3 Qg5+ 18. Qxg5 Rxg5 19. h4 Rg8 20. Be2 Rh8 21. c4 b6 22. Bf3 Ra7 23. Rhe1 Rc7 24. b3 Bb7 25. Be2 b5 26. Kb2 bxc4 27. Bxc4 Ke7 28. Be2 {½-½ Lizak,J (2235)-Lis,M (2113) Krakow op-A 28th 2017 (7)}) ({RR} 13... h6 14. Kb1 ({RR} 14. Qb4 Nd5 ({RR} 14... Ne4 15. Bxg7 ({RR} 15. Bd3 Qg5+)) ({RR} 14... a5 15. Qa3 ({RR} 15. Qd6 Ne4)) 15. Rxd5 exd5 16. Bd3) 14... O-O ({RR} 14... Qh5 15. Qxh5 Nxh5 16. Rd6 Ke7 ({RR} 16... O-O 17. g4 Nf6 18. f3 Ne8 19. Rb6) 17. Bb4) 15. Bd3 Qg5 16. Qd4 Re8 17. f4 Qg4 18. h3 Qg3 19. Be1 e5 20. Qxe5 ({RR} 20. Bxg3 exd4 21. Bf2 d5 22. Bxd4 Ne4 23. Rhe1 Bf5 ({RR} 23... Nd6 24. Rxe8+ Nxe8 25. Re1 Bd7 26. Re7) 24. g4) 20... Qxg2 {0-1 Primel,D (1998)-Grochal,J (2255) Cappelle op 34th 2018 (5.55)}) ({RR} 13... Qg4 14. Bxf6) 14. Bxg7 Qxg7 15. Qxe4 f5 16. Qe3 O-O 17. f4 d5 18. c4 dxc4 19. Bxc4 Qc7 20. Qc3 Qxf4+ 21. Kb1 b5 22. Bb3 Ra7 23. Rd4 Qg5 24. Rc1 Qf6 25. Qe3 Re7 26. Rd6 Kf7 27. Rf1 Rg8 28. Qh3 Kg7 29. Re1 Kh8 30. Qe3 Rxg2 31. Re2 Rxe2 32. Qxe2 Kg7 33. a3 Qg6 34. Qe5+ Kf7 35. Ka2 Qf6 36. Qc5 Re8 37. Bd5 Qe5 0-1

[Event "Olympiad Women 2024"]
[Site "Budapest HUN"]
[Date "2024.09.15"]
[Round "5.35"]
[Board "3"]
[White "Gora, Antonina"]
[Black "Sana Omprakash Kayyar"]
[Result "0-1"]
[WhiteElo "1943"]
[BlackElo "1937"]
[PlyCount "106"]
[EventDate "2024.09.11"]
[WhiteTeam "Ireland"]
[BlackTeam "Uganda"]
[WhiteTeamCountry "IRL"]
[BlackTeamCountry "UGA"]

1. e4 e5 2. Nf3 Nc6 3. Bc4 Nf6 4. d3 Bc5 5. O-O a6 6. a4 O-O 7. h3 h6 8. Re1 d6 9. c3 Ba7 10. Nbd2 Re8 11. Nf1 Be6 12. Bb3 Bxb3 $146 ({RR} 12... Qc8 13. Bc2 Ne7 14. Ng3 Ng6 15. d4 b5 16. Be3 Qb7 17. Qd2 Kh7 18. Nf5 Ng8 19. h4 f6 20. Ng3 c5 21. d5 Bd7 22. h5 Nh8 23. axb5 axb5 24. b3 Nf7 25. Nh4 Bb6 26. Bd3 Ne7 27. Qe2 {1-0 Vykouk,J (2483)-Braeuer,F (2444) 2nd Bundesliga Ost 23-24 2023 (6.1)}) ({RR} 12... d5 13. exd5 Bxd5 14. Bc2 Qd7 15. Ng3 Rad8 16. Be3 Bxe3 17. Rxe3 Nh7 18. Qe2 Bxf3 19. Qxf3 Ng5 20. Qf5 g6 21. Qxd7 Rxd7 22. f4 Nh7 23. Rae1 Rde7 24. fxe5 Rxe5 25. Kf2 Nf6 26. d4 Rxe3 27. Rxe3 {1-0 Sathvik Adiga (2365)-Srivatsan Karthikeyan (1851) Titled Tue 6th Aug Early 2024 (1)}) ({RR} 12... d5 13. exd5 Nxd5 14. Bc2 Qd6 15. Ng3 f5 16. Nh4 Rf8 17. Nh5 Kh7 18. Qd2 Qe7 19. Nf3 Nf6 20. Ng3 Qd6 21. Nh4 Qd7 22. a5 Rae8 23. Kh1 Nd5 24. Kh2 Qd8 25. Nhxf5 Bxf5 26. Nxf5 Rxf5 27. d4 {1-0 Kineva,E (2126)-Savina,A (2325) EU-ch (Women) 13th 2012 (7)}) 13. Qxb3 Qd7 14. Ng3 Ne7 15. Nh4 d5 16. Qc2 Rad8 17. Be3 Bxe3 18. Rxe3 dxe4 19. dxe4 g6 20. Nf3 Nc8 21. Ne1 Nd6 22. b3 h5 23. f3 Re7 24. Nd3 Nde8 25. Nf1 Ng7 26. Rae1 c6 27. Nb2 Ne6 28. Nc4 Qc7 29. a5 Nf4 30. Kh2 Qd7 31. Nb6 Qe6 32. Nd2 h4 33. Ndc4 N6h5 34. Rd1 Rxd1 35. Qxd1 Qf6 36. Qe1 Qg5 37. Qf2 Re8 38. Nd7 Re7 39. Ncb6 Nxg2 40. Qxg2 Qxe3 41. b4 Qf4+ 42. Kg1 Qc1+ 43. Kf2 Ng3 44. Nf6+ Kg7 45. Ng4 Qd2+ 46. Kg1 Qe1+ 47. Kh2 Nf1+ 48. Kh1 Ng3+ 49. Kh2 Re8 50. Nc4 Nf1+ 51. Kh1 Ne3+ 52. Qg1 Qxg1+ 53. Kxg1 Nxc4 0-1

[Event "Olympiad Women 2024"]
[Site "Budapest HUN"]
[Date "2024.09.15"]
[Round "5.35"]
[Board "4"]
[White "Kawuma Patricia"]
[Black "Putar, Lara"]
[Result "1-0"]
[WhiteElo "1839"]
[BlackElo "1911"]
[PlyCount "87"]
[EventDate "2024.09.11"]
[WhiteTeam "Uganda"]
[BlackTeam "Ireland"]
[WhiteTeamCountry "UGA"]
[BlackTeamCountry "IRL"]

1. d4 Nf6 2. c4 e6 3. g3 d5 4. Bg2 c6 5. Nd2 Be7 6. Ngf3 O-O 7. Qc2 Nbd7 8. O-O c5 9. b3 ({RR} 9. cxd5 Nxd5 10. a3 cxd4 11. Nxd4 Ne5 12. b4 Bd7 13. Bb2 Nc6 14. N2f3 Nxd4 15. Nxd4 a5 16. b5 a4 17. Rab1 Qb6 18. Rfd1 Rfd8 19. Rd3 Be8 20. Nf5 exf5 21. Rxd5 Rxd5 22. Bxd5 Bd7 23. e4 Rc8 {1-0 Eljanov,P (2692)-Vydeslaver,A (2397) ISR-chT 08 Israel 2007 (9.1)}) 9... cxd4 ({RR} 9... dxc4 10. Nxc4 Rb8 11. Bb2 cxd4 12. Nxd4 b5 13. Nc6 Qe8 14. Nxb8 bxc4 15. Nxd7 Qxd7 16. Qxc4 Bb7 17. Rfd1 Bd5 18. Qd3 Qb7 19. Bxf6 Bxf6 20. Bxd5 exd5 21. Rac1 d4 22. e3 dxe3 23. Qxe3 h5 24. Rc2 {1-0 Lewis,B (1812)-Coker,T (1728) British Universities-ch 2022 (9.2)}) 10. Nxd4 Bc5 $146 ({RR} 10... e5 11. N4f3 e4 12. Nd4 Bc5 13. Bb2 e3 14. fxe3 Ng4 15. Qd3 Nge5 16. Qc3 Qg5 17. Rf4 Qh5 18. h3 Nf6 19. N4f3 Nxf3+ 20. exf3 Qg5 21. Nf1 Nh5 {½-½ Martin,D-Coore,A Wch U16 Duisburg 1992 (4)}) ({RR} 10... Qc7 11. Bb2 b6 12. Nb5 Qb8 13. cxd5 Nxd5 14. Bxd5 exd5 15. Nc7 Bb7 16. Nxa8 Qxa8 17. Nf3 Nc5 18. Qf5 Ne4 19. Rfd1 g6 20. Qf4 g5 21. Qf5 Bc8 22. Qxd5 Bb7 23. Qf5 Bc8 24. Qd5 Bb7 25. Qd7 {1-0 Zavatta,B-Dalak,S Olympiad Women-32 1996 (2)}) ({RR} 10... e5 11. Nf5 d4 12. Nf3 Re8 13. Nxe7+ Qxe7 14. Bb2 a5 15. a3 Ra6 16. Rfe1 Nc5 17. b4 axb4 18. axb4 Rxa1 19. Rxa1 Nce4 20. c5 b6 21. cxb6 Qxb4 22. Ra8 Bb7 23. Rxe8+ Nxe8 24. Nxe5 Qe1+ 25. Bf1 {0-1 Ruszin,T (2076)-Szabo,Z (1862) HUN-chT2 Szechenyi 1213 2012 (4.5)}) 11. Bb2 e5 12. N4f3 Qc7 13. e3 Re8 14. Rac1 e4 15. Nd4 dxc4 16. Nxc4 Bxd4 17. Bxd4 b6 18. Qb1 Qb8 19. Rfd1 Bb7 20. Bb2 Nd5 21. Bxe4 Nc3 22. Bxh7+ Kf8 23. Bxc3 Nc5 24. Nd6 Re6 25. Nxb7 Qxb7 26. Bf5 Rh6 27. b4 Ne6 28. Be4 Qb8 29. Bxa8 Qxa8 30. Be5 Ng5 31. Qf5 Nf3+ 32. Kf1 Re6 33. Bf4 Nd4 34. Rxd4 Qh1+ 35. Ke2 Qxc1 36. Qd3 Qc6 37. Rd6 Qa4 38. Rxe6 Qxa2+ 39. Qd2 Qc4+ 40. Kf3 fxe6 41. Qd8+ Kf7 42. Qc7+ Qxc7 43. Bxc7 Ke7 44. Be5 1-0

[Event "Olympiad Women 2024"]
[Site "Budapest HUN"]
[Date "2024.09.15"]
[Round "5.36"]
[Board "2"]
[White "Verbin, Valentina"]
[Black "De la Riva Real, Ariadna"]
[Result "1-0"]
[WhiteElo "2071"]
[BlackElo "1823"]
[PlyCount "43"]
[EventDate "2024.09.11"]
[WhiteTeam "Moldova"]
[BlackTeam "Andorra"]
[WhiteTeamCountry "MDA"]
[BlackTeamCountry "AND"]

1. e4 c5 2. Nf3 g6 3. c3 d5 4. exd5 Qxd5 5. d4 Nc6 6. Be3 cxd4 ({RR} 6... Bh6 7. Na3 cxd4 8. Nb5 Qd8 9. Nfxd4 Bxe3 10. fxe3 Bd7 11. Nxc6 bxc6 12. Nd4 Nf6 13. Bc4 Qb8 14. Nb3 O-O 15. Qf3 a5 16. O-O a4 17. Nc5 Qxb2 18. Nxd7 Nxd7 19. Bxf7+ Kg7 20. Qxc6 Ne5 21. Qd5 {0-1 Vajda,L (2534)-Maghsoodloo,P (2699) Titled Tuesday intern op 10th May Late blitz 2022 (5)}) 7. cxd4 Nf6 $146 ({RR} 7... Bf5 8. Nc3 Qa5 9. Qb3 O-O-O 10. d5 Nb4 11. Qc4+ Kd7 12. Ne5+ {½-½ Fanenbruck,G (1631)-Voelpel,G (2041) Mecklenburg VP-ch Seniors 2nd 2002 (1)}) ({RR} 7... Bg7 8. Nc3 Qa5 9. d5 Nb8 10. Rc1 Bd7 11. Qb3 b5 12. Bd2 Qb6 13. Nxb5 Na6 14. Bf4 Qa5+ 15. Bd2 Qb6 16. Qa4 Rb8 17. Qxa6 Bxb5 18. Rc8+ Kd7 19. Rxb8 Bxa6 20. Rxb6 Bxf1 21. Rb3 Bxg2 22. Rg1 {1-0 Lu,M (2392)-Baldursson,R (1989) Reykjavik Open 2024 (2.36)}) ({RR} 7... Bg4 8. Nc3 Qa5 9. Qb3 Bxf3 10. gxf3 O-O-O 11. Qxf7 Bh6 12. Bh3+ Kb8 13. Bxh6 Nxh6 14. Qf4+ e5 15. Qxh6 exd4 16. O-O dxc3 17. bxc3 Qxc3 18. Bg2 Rd5 19. Rab1 Nd4 20. Kh1 Nf5 21. Qf4+ Rd6 22. Qe4 {1-0 Pollitz,F-Geyer,B Verbandsliga Nord Baden 9495 1994 (3.2)}) 8. Nc3 Qa5 9. d5 Nb8 10. Qb3 Nbd7 11. Bc4 Ne4 12. O-O Nd6 13. Bd4 f6 14. Nb5 Bg7 15. Rfe1 Kf7 16. Qe3 Ne5 17. Nxe5+ fxe5 18. Bxe5 Nxc4 19. Qf4+ Bf5 20. Qxc4 Rac8 21. Qb3 e6 22. Nd6+ 1-0

[Event "Olympiad Women 2024"]
[Site "Budapest HUN"]
[Date "2024.09.15"]
[Round "5.37"]
[Board "1"]
[White "Noshin, Anjum"]
[Black "Marape, Naledi"]
[Result "0-1"]
[WhiteElo "2085"]
[BlackElo "1926"]
[PlyCount "120"]
[EventDate "2024.09.11"]
[WhiteTeam "Bangladesh"]
[BlackTeam "Botswana"]
[WhiteTeamCountry "BAN"]
[BlackTeamCountry "BOT"]

1. e4 c5 2. Nf3 d6 3. d4 cxd4 4. Nxd4 Nf6 5. Nc3 a6 6. f3 e5 7. Nb3 Be7 8. Be3 Be6 9. Qd2 h5 10. O-O-O Nbd7 11. Kb1 b5 12. h4 ({RR} 12. Nd5 Bxd5 13. exd5 Nb6 14. Bxb6 Qxb6 15. Na5 Rc8 16. Nc6 Nxd5 17. Nxe7 Nxe7 18. Qxd6 Qxd6 19. Rxd6 Nc6 20. Rd2 Ke7 21. Bd3 Rhd8 22. Rhd1 g6 23. c3 Na5 24. Re2 Kf6 25. h4 Nb7 26. Red2 Nc5 {½-½ Caruana,F (2783)-Duda,J (2750) Candidates Tournament 2022 (3)}) 12... Qc7 13. a3 $146 ({RR} 13. Bg5 b4 14. Nd5 Bxd5 15. exd5 Qb6 16. g4 hxg4 17. fxg4 Ne4 18. Qg2 Nf2 19. Be2 Nxd1 20. Bxd1 Bxg5 21. hxg5 Rxh1 22. Qxh1 Nf8 23. Qh5 Qg1 24. Kc1 Qe3+ 25. Nd2 a5 26. g6 fxg6 27. Qh8 Kf7 {0-1 Kandeel,A-Della Morte,P (2285) NWC Int Cup 2nd blitz 2020 (5)}) ({RR} 13. Nd5 Bxd5 14. exd5 Nb6 15. Bxb6 Qxb6 16. Na5 O-O 17. Nc6 Rfe8 18. Bd3 Rac8 19. Be4 g6 20. g4 Rxc6 21. dxc6 d5 22. Bxd5 hxg4 23. fxg4 e4 24. Qg5 Nxd5 25. Qxd5 e3 26. Rdf1 {1-0 Sengupta,D (2491)-Kazakouski,V (2603) Najdorf Mem Open A 2024 (7.1)}) ({RR} 13. Nd5 Nxd5 14. exd5 Bf5 15. Bd3 Bxd3 16. Qxd3 Rc8 17. Nd2 Qb7 18. Ne4 Nf6 19. Nxf6+ Bxf6 20. Bg5 Rc4 21. g3 Be7 22. b3 Rd4 23. Qe2 Rxd5 24. Rxd5 Qxd5 25. Rd1 Qc6 26. Qd3 g6 27. f4 Bxg5 {0-1 Van Dael,S (2291)-Zwirs,N (2467) 85th Tata Steel Qualifier 2023 (2.4)}) 13... Nb6 14. Bxb6 Qxb6 15. Nd5 Bxd5 16. exd5 a5 17. Be2 b4 18. a4 Kf8 19. Bb5 Ra7 20. Qe2 Nd7 21. Nd2 Nc5 22. Nc4 Qc7 23. f4 e4 24. f5 Qd8 25. Qf2 Bf6 26. Qf4 Be7 27. Nd2 Bf6 28. Nxe4 Nxe4 29. Qxe4 Be5 30. Qe3 Re7 31. Qd3 Rc7 32. Bc6 Rc8 33. Rde1 Qb6 34. Re4 Qd8 35. Rhe1 Rh6 36. Qf3 Kg8 37. R1e3 Qf6 38. Rb3 Qd8 39. Ka2 Qb6 40. Bd7 Rxc2 41. Re2 Rc1 42. Qe3 Qxe3 43. Rbxe3 Rc5 44. Bc6 Rf6 45. Rf3 Rc4 46. g3 Rg4 47. Ree3 Rd4 48. Kb1 Rg4 49. Bd7 Kf8 50. Re2 Ke7 51. Bc6 g6 52. Rfe3 Rxf5 53. Bb7 Rf1+ 54. Ka2 Rg1 55. Rc2 R1xg3 56. Rxe5+ dxe5 57. Rc7+ Kd6 58. Rxf7 Rf4 59. Rg7 b3+ 60. Ka3 Rf1 0-1